Fossil hunter : the life and times of Mary Anning (1799-1847) /

Bibliographic Details
Main Author: Goodhue, Thomas W.
Format: Book
Language:English
Published: Bethesda : Academica Press, [2004]
Subjects:
Online Access:Table of contents

MARC

Tag First Indicator Second Indicator Subfields
LEADER 00000cam a22000004a 4500
001 in00002002302
005 20151031142438.0
008 030929s2004 mdu b 001 0beng
010 |a  2003021358 
020 |a 1930901550 
035 |a (OCoLC)ocm53138725 
040 |a DLC  |c DLC  |d C#P  |d UMC  |d TXA  |d UtOrBLW 
042 |a pcc 
043 |a e-uk-en 
049 |a TXAM 
050 0 0 |a QE707.A56  |b G67 2004 
082 0 0 |a 560/.92  |a B  |2 22 
100 1 |a Goodhue, Thomas W. 
245 1 0 |a Fossil hunter :  |b the life and times of Mary Anning (1799-1847) /  |c Thomas W. Goodhue. 
246 1 4 |a Fossil hunting 
264 1 |a Bethesda :  |b Academica Press,  |c [2004] 
264 4 |c ©2004 
300 |a x, 202 pages ;  |c 24 cm. 
336 |a text  |b txt  |2 rdacontent 
337 |a unmediated  |b n  |2 rdamedia 
338 |a volume  |b nc  |2 rdacarrier 
504 |a Includes bibliographical references (pages [175]-198) and index. 
505 0 |a The girl on the cliff -- The creature in the cliff -- The monster on the beach -- The fossil depot -- The flying dragon and the winged fish -- The lioness of Lyme Regis -- Death comes calling -- Through the storm -- Time-line -- More about Mary's finds -- More about Mary's friends. 
600 1 0 |a Anning, Mary,  |d 1799-1847. 
650 0 |a Women paleontologists  |z England  |v Biography. 
856 4 1 |3 Table of contents  |u http://www.loc.gov/catdir/toc/ecip049/2003021358.html  |t 0 
948 |a cataloged  |b h  |c 2005/1/26  |d c  |e jgreene  |f 12:32:38 pm 
994 |a C0  |b TXA 
999 |a MARS 
999 f f |s cac089c0-b466-3823-a0e9-1d8552064e25  |i 24dcafe8-23f2-3ae1-ba62-41bb8b1175ee  |t 0 
952 f f |p ric  |a Texas A&M University  |b Rellis Campus  |c Joint Library Facility  |s JLF  |d Remote Storage  |t 0  |e QE707.A56 G67 2004  |h Library of Congress classification  |i unmediated -- volume  |m A14831745842 
998 f f |a QE707.A56 G67 2004  |t 0  |l Remote Storage